Statystyki dla Najmniejsze Państwa Świata

Kliknij tutaj aby rozwiązać quiz!

Ogólne statystyki

  • Ten quiz został rozwiązany 2 165 razy
  • Średni wynik to 5 z 10

Statystyki odpowiedzi

HintOdpowiedź% Poprawnych
0,44km²Watykan
98%
61,6km²San Marino
86%
1,95km²Monako
81%
316km²Malta
48%
21,3km²Nauru
37%
26km²Tuvalu
32%
160km²Lichtenstein
28%
261km²Saint Kitts i Nevis
24%
181km²Wyspy Marshalla
22%
300km²Malediwy
20%

Rozkład punktacji

Percentyl według liczby udzielonych odpowiedzi

Procent ludzi z każdym wynikiem

Twoja historia wyników

Nie rozwiązałeś tego quizu